00547nam a2200145 i 450000100060000000300090000600500170001500700030003200800410003510000290007624501750010526000460028030000410032685200340036736461ES-MaACL20230906155355.0t|030218s1958 sp ||||1| spa d1 aBulbena Estrany, Evelio.10aRomancero de la patria mártir (1936-1939) b: poema heróico recitado en el Centro Cultural de los Ejércitos el día 29 de abril de 1956 / cEvelio Bulbena Estrany. aBarcelona : bBlames, c[1958] (fCondal) a85 p. : b1 gráf. pleg. ; c21 cm. aES-MaACLj1543-F-16 bR.43089